00829 a2200217 4500010001400000020002300014035001400037037001800051082001300069090001500082100002700097245011000124250001100234260004200245270009300287300003200380500001900412942002800431999001500459952013700474 aENG-85383 a8175345470c750.00 aENG-68916 bD.B.Act / Pub14a347.5409 c2202d22021 aBansal, Ashwinie Kumar1 aArbiotration greements and wardsblaw of international and domestic arbitrationcby Ashwinie Kumar Bansal a2nd ed aDelhibUniversal Law Publishingc2006 aC-FF-1A, Dikhush Industrial Estate, (Opp. Hans Cinema, Azadpur), G.T.Karnal RoadbDelhi axxxiii, 634 p.b24cm. (Hb) aIncludes index adplcENk347.5409 / BAN c2162d2162 00102ddc40718NFICaDBADbDBADeDBAD/PUBg750.00l0o347.5409 BANpEN-68916r2008-09-15 00:00:00t1u2294v750.00w2008-09-15yEN